000 00735nam a22001577a 4500
003 OSt
005 20190724143523.0
008 190724b xxu||||| |||| 00| 0 eng d
040 _cRUA
082 _aAGR LOM 2017 B636 Or.1
100 _913726
_aLOM CHANEAKSMEY ឡុំ ចាន់រស្មី
245 _aឃeffect of different nitrogen rates on growth and yield of pok choy (BRASSICA CHINENSIS) ប្រសិទ្ធភាពនៃការប្រើប្រាស់បរិមាណអាសូតខុសៗគ្នាទៅលើកាលូទលាស់និង ទិន្នផលដំណាំស្ពៃតឿ
260 _aRUA
_bPhnom penh
_c2017
300 _aviii;33p
_bill;
_c29cm
942 _2ddc
_cAGR
999 _c18054
_d18054